| 000 | 00000nas##2200000za#4500 |
| 001 | 9.503315 |
| 003 | CaOODSP |
| 005 | 20231123085002 |
| 007 | cr ||||||||||| |
| 008 | 150406c1998||||xxc|| p o||||f| |0fre|d |
| 040 | |aCaOODSP|bfre |
| 043 | |an-cn--- |
| 086 | 1 |aE12-13F-PDF |
| 110 | 1 |aCanada. |bAffaires étrangères et commerce international Canada. |
| 245 | 10|aPassage : |h[ressource électronique]|brapport du Canada sur l'interdiction des mines terrestres / |cPar l'Équipe d'action contre les mines. |
| 260 | |aOttawa - Ontario : |bAffaires étrangères et Commerce international |c1998-. |
| 310 | |aTrimestriel |
| 500 | |aFait suite à: Interdiction des mines antipersonnel: rapport d'avancement des travaux. |
| 691 | 07|aDéminage|2gcpds |
| 691 | 07|aMine antipersonnel|2gcpds |
| 775 | 08|tSafeLane : |w(CaOODSP)9.506919 |
| 776 | 0#|tSafeLane |w(CaOODSP)9.508386 |
| 776 | 0#|tPassage |w(CaOODSP)9.508387 |